Dad's day / (Record no. 103481)
[ view plain ]
| 000 -LEADER | |
|---|---|
| fixed length control field | 00480nam a2200169 a 4500 |
| 005 - DATE AND TIME OF LATEST TRANSACTION | |
| control field | 20140412111302.0 |
| 008 - FIXED-LENGTH DATA ELEMENTS--GENERAL INFORMATION | |
| fixed length control field | 001120s19uu xx 00 eng d |
| 020 ## - INTERNATIONAL STANDARD BOOK NUMBER | |
| International Standard Book Number | 0-85097-917-X |
| 050 ## - LIBRARY OF CONGRESS CALL NUMBER | |
| Classification number | TR(PS E |
| Item number | Da12 1991 |
| 100 ## - MAIN ENTRY--PERSONAL NAME | |
| Personal name | Corbett, Pie |
| 245 ## - TITLE STATEMENT | |
| Title | Dad's day / |
| Statement of responsibility, etc | Story by Pie Corbet; illustrated by Diann Timms. |
| 300 ## - PHYSICAL DESCRIPTION | |
| Extent | 32 p. ; col. ; ill. |
| 440 ## - SERIES STATEMENT/ADDED ENTRY--TITLE | |
| Title | Early Learning With LETTS |
| 500 ## - GENERAL NOTE | |
| General note | For 3-5 years old |
| 650 ## - SUBJECT ADDED ENTRY--TOPICAL TERM | |
| Topical term or geographic name as entry element | Daddy's -- stories |
| Withdrawn status | Lost status | Damaged status | Use restrictions | Home library | Current library | Shelving location | Date acquired | Source of acquisition | Total Checkouts | Full call number | Barcode | Date last seen | Price effective from | Koha item type |
|---|---|---|---|---|---|---|---|---|---|---|---|---|---|---|
| Elizalde Library | Elizalde Library | Teachers Reference Section | 11/20/2000 | TR(PS E Da12 1991 | E4986 | 04/12/2014 | 04/12/2014 | Books |